[Event "Figueres op 12th"]
[Site "Figueres"]
[Date "2011.08.16"]
[Round "7"]
[White "Parramon Ros, Francesco"]
[Black "Padrosa Baro, Carles"]
[Result "1-0"]
[WhiteElo "2042"]
[BlackElo "1829"]
[PlyCount "29"]
[EventDate "2011.08.11"]
[EventType "swiss"]
[EventRounds "9"]
[EventCountry "ESP"]
[SourceTitle "CBM 143 Extra"]
[Source "ChessBase"]
[SourceDate "2011.08.29"]
[SourceVersion "1"]
[SourceVersionDate "2011.08.29"]
[SourceQuality "1"]

1. d4 Nf6 2. Bf4 e6 3. e3 d5 4. Nf3 Bd6 5. Bg3 Nbd7 6. Nbd2 b6 7. Ne5 Bb7 8. a4 a6 9. Bd3 0-0 10. Ndf3 Qe7 11. Bh4 Qe8 12. 0-0 Ne4 13. Nxd7 Qxd7 14. Ne5 f5 15. Nxd7 1-0

[Event "Figueres op 12th"]
[Site "Figueres"]
[Date "2011.08.14"]
[Round "4"]
[White "Asensio Graells, Ricard"]
[Black "Padrosa Baro, Carles"]
[Result "0-1"]
[WhiteElo "1510"]
[BlackElo "1829"]
[PlyCount "62"]
[EventDate "2011.08.11"]
[EventType "swiss"]
[EventRounds "9"]
[EventCountry "ESP"]
[SourceTitle "CBM 143 Extra"]
[Source "ChessBase"]
[SourceDate "2011.08.29"]
[SourceVersion "1"]
[SourceVersionDate "2011.08.29"]
[SourceQuality "1"]

1. Nf3 Nf6 2. d3 d5 3. g3 b6 4. Bg2 Bb7 5. 0-0 e6 6. Nbd2 Bd6 7. Re1 0-0 8. e4 dxe4 9. dxe4 e5 10. Nh4 g6 11. c3 Nbd7 12. Nf1 Kg7 13. h3 Nc5 14. Qc2 Qe7 15. Nh2 Rad8 16. f3 Ba6 17. Be3 Ne6 18. Qd2 Bc5 19. Qf2 Bxe3 20. Qxe3 Rd3 21. Qf2 Rfd8 22. Bf1 Rd2 23. Be2 Rxb2 24. f4 Rdd2 25. Kf1 Bxe2+ 26. Rxe2 Rxe2 27. Qxe2 Rxe2 28. Kxe2 Nxe4 29. Kf3 Nxc3 30. f5 Ng5+ 31. Kg2 Qd8 0-1

[Event "Figueres op 12th"]
[Site "Figueres"]
[Date "2011.08.13"]
[Round "3"]
[White "Padrosa Baro, Carles"]
[Black "Garcia Castany, Jose"]
[Result "1-0"]
[WhiteElo "1829"]
[BlackElo "1438"]
[PlyCount "51"]
[EventDate "2011.08.11"]
[EventType "swiss"]
[EventRounds "9"]
[EventCountry "ESP"]
[SourceTitle "CBM 143 Extra"]
[Source "ChessBase"]
[SourceDate "2011.08.29"]
[SourceVersion "1"]
[SourceVersionDate "2011.08.29"]
[SourceQuality "1"]

1. e4 c5 2. Nf3 d6 3. d4 cxd4 4. Nxd4 Nf6 5. Nc3 a6 6. Bc4 e6 7. Bb3 Be7 8. 0-0 Nc6 9. Be3 0-0 10. Qe2 Qc7 11. f4 Na5 12. f5 Nxb3 13. cxb3 e5 14. Nc2 Bd7 15. Nb4 Bc6 16. Nxc6 Qxc6 17. Qf3 Rfe8 18. g4 Rac8 19. g5 Nd7 20. Rac1 Nc5 21. Nd5 Qd7 22. Nb6 Qc6 23. Nxc8 Rxc8 24. f6 Bd8 25. b4 Qxe4 26. Qxe4 1-0

[Event "Figueres op 11th"]
[Site "Figueres"]
[Date "2010.08.17"]
[Round "8"]
[White "Padrosa Baro, Carles"]
[Black "Idoate Arrazurria, Ricardo"]
[Result "1-0"]
[WhiteElo "1862"]
[BlackElo "1599"]
[PlyCount "87"]
[EventDate "2010.08.11"]
[EventType "swiss"]
[EventRounds "9"]
[EventCountry "ESP"]
[SourceTitle "CBM 137 Extra"]
[Source "ChessBase"]
[SourceDate "2010.09.01"]
[SourceVersion "1"]
[SourceVersionDate "2010.09.01"]
[SourceQuality "1"]

1. e4 c5 2. Nf3 d6 3. d4 cxd4 4. Nxd4 g6 5. Nc3 Bg7 6. Be2 Nf6 7. 0-0 0-0 8. Be3 a6 9. h3 Bd7 10. Qd2 Nc6 11. Nb3 Qc7 12. Rad1 Rfd8 13. a3 Ne8 14. Nd5 Qb8 15. c3 Be6 16. c4 Bxd5 17. cxd5 Ne5 18. f4 Nd7 19. Rc1 Nef6 20. Bf3 Rc8 21. Rxc8+ Qxc8 22. Rc1 Qd8 23. Na5 b6 24. Nc6 Qe8 25. b4 Kf8 26. Bd4 Ng8 27. Bxg7+ Kxg7 28. Qd4+ f6 29. Kh2 Rc8 30. Re1 h5 31. Re2 Nh6 32. Qf2 Kh7 33. g4 hxg4 34. hxg4 g5 35. e5 gxf4 36. exf6 Ne5 37. Nxe5 dxe5 38. Rxe5 Rc7 39. d6 Rd7 40. Rxe7+ Rxe7 41. dxe7 Qd7 42. Qe2 Qe8 43. Qe6 Kg6 44. f7+ 1-0

[Event "Figueres op 11th"]
[Site "Figueres"]
[Date "2010.08.16"]
[Round "7"]
[White "Cano Egea, Gerard"]
[Black "Padrosa Baro, Carles"]
[Result "1-0"]
[WhiteElo "1698"]
[BlackElo "1862"]
[PlyCount "90"]
[EventDate "2010.08.11"]
[EventType "swiss"]
[EventRounds "9"]
[EventCountry "ESP"]
[SourceTitle "CBM 137 Extra"]
[Source "ChessBase"]
[SourceDate "2010.09.01"]
[SourceVersion "1"]
[SourceVersionDate "2010.09.01"]
[SourceQuality "1"]

1. e4 c5 2. Nf3 e6 3. c3 Nf6 4. e5 Nd5 5. d4 d6 6. Bd3 cxd4 7. cxd4 Be7 8. 0-0 0-0 9. Nc3 Nc6 10. Qe2 Re8 11. Re1 Nxc3 12. bxc3 d5 13. Bc2 f5 14. exf6 Bxf6 15. Qd3 g6 16. Ne5 Nxe5 17. dxe5 Bg7 18. Re3 Rf8 19. Rh3 Qe8 20. Bh6 Bd7 21. Bxg7 Kxg7 22. Qe3 Qf7 23. Bxg6 Qf4 24. Qxf4 Rxf4 25. Rxh7+ Kxg6 26. Rxd7 Rc4 27. Rxb7 Rxc3 28. g3 Rc2 29. a4 a6 30. Rab1 Rc4 31. R1b4 Rac8 32. R7b6 a5 33. Rxe6+ Kf5 34. Rbb6 Ke4 35. h4 d4 36. Kg2 Rxa4 37. Rbd6 Ra2 38. h5 d3 39. h6 d2 40. h7 Rh8 41. Re7 a4 42. e6 Ke5 43. Red7 d1Q 44. Rxd1 Kxe6 45. R1d6+ Ke5 1-0

[Event "Figueres op 11th"]
[Site "Figueres"]
[Date "2010.08.14"]
[Round "5"]
[White "Torrent Lagresa, Josep M"]
[Black "Padrosa Baro, Carles"]
[Result "1/2-1/2"]
[WhiteElo "1641"]
[BlackElo "1862"]
[PlyCount "51"]
[EventDate "2010.08.11"]
[EventType "swiss"]
[EventRounds "9"]
[EventCountry "ESP"]
[SourceTitle "CBM 137 Extra"]
[Source "ChessBase"]
[SourceDate "2010.09.01"]
[SourceVersion "1"]
[SourceVersionDate "2010.09.01"]
[SourceQuality "1"]

1. e4 c5 2. Nf3 e6 3. d4 cxd4 4. Nxd4 h6 5. Nc3 Qc7 6. a3 Nc6 7. Be3 b5 8. b4 Nxb4 9. Qd2 Nc6 10. Nxc6 dxc6 11. Bd3 Bb7 12. 0-0 Nf6 13. Bf4 e5 14. Bg3 a6 15. f4 Bc5+ 16. Kh1 Bd4 17. Rad1 0-0-0 18. Ne2 Nh5 19. Bh4 Rd7 20. Nxd4 Rxd4 21. fxe5 g5 22. Rf5 Rhd8 23. Qe2 Ng7 24. Bg3 Nxf5 25. exf5 c5 26. e6 1/2-1/2

[Event "Figueres op 11th"]
[Site "Figueres"]
[Date "2010.08.13"]
[Round "3"]
[White "Aroshidze, Levan"]
[Black "Padrosa Baro, Carles"]
[Result "1-0"]
[WhiteElo "2548"]
[BlackElo "1862"]
[PlyCount "63"]
[EventDate "2010.08.11"]
[EventType "swiss"]
[EventRounds "9"]
[EventCountry "ESP"]
[SourceTitle "CBM 137 Extra"]
[Source "ChessBase"]
[SourceDate "2010.09.01"]
[SourceVersion "1"]
[SourceVersionDate "2010.09.01"]
[SourceQuality "1"]

1. e4 c5 2. Nf3 e6 3. d4 cxd4 4. Nxd4 a6 5. Bd3 Qc7 6. 0-0 Nf6 7. c4 Nc6 8. Nxc6 dxc6 9. f4 Bc5+ 10. Kh1 e5 11. f5 Bd7 12. Nc3 h5 13. Bg5 Ng4 14. Qe2 f6 15. Bd2 0-0-0 16. Na4 Bd4 17. c5 Be8 18. Rac1 Nf2+ 19. Rxf2 Bxf2 20. Bxa6 bxa6 21. Qxf2 Rd4 22. Nb6+ Kb7 23. Nc4 Bf7 24. Nd6+ Rxd6 25. cxd6 Qxd6 26. Ba5 Qd4 27. Qc2 Rc8 28. Rd1 Qc4 29. Rd7+ Ka8 30. Qd1 Qxa2 31. Rd8 Rxd8 32. Qxd8+ 1-0

[Event "Girona Province-chA"]
[Site "Figueres"]
[Date "2009.10.11"]
[Round "2"]
[White "Padrosa Baro, Carles"]
[Black "Lillo Castany, Victor"]
[Result "0-1"]
[WhiteElo "1886"]
[BlackElo "2266"]
[PlyCount "56"]
[EventDate "2009.10.04"]
[EventType "swiss"]
[EventRounds "8"]
[EventCountry "ESP"]
[SourceTitle "EXT 2019"]
[Source "ChessBase"]
[SourceDate "2018.10.10"]
[SourceVersion "1"]
[SourceVersionDate "2018.10.10"]
[SourceQuality "1"]

1. e4 c5 2. Nf3 d6 3. d4 cxd4 4. Nxd4 Nf6 5. Nc3 Nc6 6. Bc4 Qb6 7. Nb3 e6 8. Be3 Qc7 9. 0-0 Be7 10. f4 a6 11. a4 b6 12. Qe2 Bb7 13. Bd3 0-0 14. Nd2 Nd7 15. Qf2 Nb4 16. Nc4 Nc5 17. Bxc5 bxc5 18. a5 d5 19. exd5 exd5 20. Nb6 c4 21. Bxh7+ Kxh7 22. Qe2 Rae8 23. Qh5+ Kg8 24. Rf3 Qc5+ 25. Kh1 d4 26. Qxc5 Bxc5 27. Nca4 Bxb6 28. axb6 Nxc2 0-1

[Event "Girona Province-chA"]
[Site "Figueres"]
[Date "2009.10.04"]
[Round "1"]
[White "Gallegos Saliner, Josep M"]
[Black "Padrosa Baro, Carles"]
[Result "0-1"]
[WhiteElo "1634"]
[BlackElo "1886"]
[PlyCount "98"]
[EventDate "2009.10.04"]
[EventType "swiss"]
[EventRounds "8"]
[EventCountry "ESP"]
[SourceTitle "EXT 2019"]
[Source "ChessBase"]
[SourceDate "2018.10.10"]
[SourceVersion "1"]
[SourceVersionDate "2018.10.10"]
[SourceQuality "1"]

1. e4 c5 2. Nf3 e6 3. d4 cxd4 4. Nxd4 a6 5. c4 Nf6 6. Nc3 Bb4 7. Bd2 Bxc3 8. Bxc3 Nxe4 9. Bb4 Nf6 10. Nf5 exf5 11. Qe2+ Ne4 12. f3 Nc6 13. Bd6 Nd4 14. Qd3 Qa5+ 15. b4 Qb6 16. fxe4 Qxd6 17. Qc3 Qe5 18. Rd1 Nc6 19. Qd2 fxe4 20. Be2 0-0 21. 0-0 f5 22. Qg5 Nd4 23. Bh5 d6 24. c5 Bd7 25. cxd6 Rac8 26. Qe7 Qf6 27. Qxf6 Rxf6 28. Rxd4 Rc6 29. Rfd1 b5 30. h3 g6 31. Be2 Kf7 32. g3 Ke8 33. Kf2 Rc3 34. Rd5 Re6 35. Rc5 Rxc5 36. bxc5 Bc6 37. Ke3 Re5 38. Rc1 Kd7 39. Bd1 Rd5 40. Bb3 Rd3+ 41. Kf2 Bd5 42. Bxd5 Rxd5 43. c6+ Kc8 44. d7+ Kc7 45. Ke2 g5 46. Rd1 Rxd1 47. Kxd1 f4 48. gxf4 gxf4 49. Kd2 b4 0-1

[Event "Figueres op 10th"]
[Site "Figueres"]
[Date "2009.08.08"]
[Round "9"]
[White "Padrosa Baro, Carles"]
[Black "Barrera Clot, Carlos"]
[Result "1/2-1/2"]
[WhiteElo "1861"]
[BlackElo "2130"]
[PlyCount "95"]
[EventDate "2009.08.01"]
[EventType "swiss"]
[EventRounds "9"]
[EventCountry "ESP"]
[SourceTitle "EXT 2010"]
[Source "ChessBase"]
[SourceDate "2010.11.25"]
[SourceVersion "1"]
[SourceVersionDate "2010.11.25"]
[SourceQuality "1"]

1. e4 d6 2. d4 Nf6 3. Nc3 g6 4. f4 c6 5. Nf3 Bg7 6. Bd3 0-0 7. 0-0 b5 8. Qe1 b4 9. Ne2 a5 10. Ng3 Ba6 11. Bxa6 Nxa6 12. c4 bxc3 13. bxc3 c5 14. e5 Nd5 15. Bd2 cxd4 16. cxd4 Nab4 17. Qb1 dxe5 18. fxe5 e6 19. a3 Nc6 20. Qe4 a4 21. Rfc1 Na5 22. Bxa5 Rxa5 23. Ne2 Bh6 24. Rc6 Qd7 25. Rc5 Rxc5 26. dxc5 Be3+ 27. Kh1 Bxc5 28. h4 h6 29. Qd3 Qe7 30. Nc3 Nxc3 31. Qxc3 Rb8 32. Qc4 Bxa3 33. Qxa4 Bb2 34. Rd1 Rd8 35. Rxd8+ Qxd8 36. Qe4 Qd5 37. Qe2 Bc3 38. Qe3 Bb4 39. Qxh6 Bf8 40. Qg5 Bg7 41. h5 gxh5 42. Qxh5 Qd1+ 43. Kh2 Qe2 44. Qg5 Qe4 45. Qd8+ Bf8 46. Qg5+ Bg7 47. Qd8+ Bf8 48. Qg5+ 1/2-1/2

[Event "Figueres op 09th"]
[Site "Figueres"]
[Date "2008.08.05"]
[Round "5"]
[White "Padrosa Baro, Carles"]
[Black "Pruja Ramirez de Cartagena, Marc"]
[Result "0-1"]
[WhiteElo "1886"]
[BlackElo "2136"]
[PlyCount "58"]
[EventDate "2008.08.02"]
[EventType "swiss"]
[EventRounds "9"]
[EventCountry "ESP"]
[SourceTitle "CBM 125 Extra"]
[Source "ChessBase"]
[SourceDate "2008.09.01"]
[SourceVersion "1"]
[SourceVersionDate "2008.09.01"]
[SourceQuality "1"]

1. e4 c5 2. Nf3 d6 3. d4 cxd4 4. Nxd4 Nf6 5. Nc3 a6 6. Bg5 e6 7. f4 Be7 8. Qf3 Qc7 9. 0-0-0 Nbd7 10. Be2 b5 11. Bxf6 Nxf6 12. e5 Bb7 13. exf6 Bxf3 14. Bxf3 Rc8 15. fxe7 b4 16. Nd5 exd5 17. Rhe1 Qc4 18. Kb1 Rc7 19. Be2 Qc5 20. Bxa6 Rxe7 21. Bb5+ Kf8 22. Rxe7 Kxe7 23. Ba4 g6 24. Bb3 Kf6 25. g3 Re8 26. a3 bxa3 27. bxa3 Re4 28. Nf3 Qxa3 29. Rxd5 Re3 0-1